Sports Quiz

Random Sports or NHL Quiz
Score 0/124 Timer 12:00
3 Plays Today
Team Player % Correct
Edmonton OilersWayne Gretzky
91.5%
Edmonton OilersWayne Gretzky
91.5%
Pittsburgh PenguinsMario Lemieux
78.7%
Pittsburgh PenguinsMario Lemieux
78.7%
Vegas Golden KnightsMarc-Andre Fleury
78.5%
Colorado AvalanchePatrick Roy
76.3%
St. Louis BluesBrett Hull
72.7%
Chicago BlackhawksBobby Hull
72.6%
Anaheim DucksTeemu Selanne
71.8%
Anaheim DucksRyan Getzlaf
71.3%
Colorado AvalancheJoe Sakic
70.3%
Colorado AvalancheJoe Sakic
70.3%
Detroit Red WingsGordie Howe
69.7%
New Jersey DevilsMartin Brodeur
69.7%
Dallas StarsMike Modano
69.4%
Dallas StarsMike Modano
69.4%
Calgary FlamesJarome Iginla
66.7%
Detroit Red WingsSteve Yzerman
66%
Vegas Golden KnightsWilliam Karlsson
64%
Columbus Blue JacketsRick Nash
62.6%
Montreal CanadiensMaurice Richard
60.5%
Buffalo SabresRyan Miller
58.9%
Chicago BlackhawksTony Esposito
55.9%
Winnipeg JetsBlake Wheeler
55.8%
Ottawa SenatorsDaniel Alfredsson
55.7%
Ottawa SenatorsDaniel Alfredsson
55.7%
Winnipeg JetsIlya Kovalchuk
55.5%
Toronto Maple LeafsMats Sundin
55.4%
Tampa Bay LightningSteven Stamkos
55%
Edmonton OilersGrant Fuhr
50.4%
Tampa Bay LightningMartin St. Louis
50%
New York IslandersMike Bossy
50%
Philadelphia FlyersBobby Clarke
49.5%
Anaheim DucksJean-Sebastien Giguere
49.4%
Minnesota WildMikko Koivu
49.3%
New York IslandersBilly Smith
48.5%
Minnesota WildMarian Gaborik
48%
Carolina HurricanesRon Francis
47.2%
Carolina HurricanesRon Francis
47.2%
San Jose SharksJoe Thornton
47%
Boston BruinsRaymond Bourque
45.9%
Florida PanthersRoberto Luongo
45.7%
Team Player % Correct
Montreal CanadiensGuy Lafleur
45.7%
San Jose SharksPatrick Marleau
45.1%
Los Angeles KingsLuc Robitaille
43.7%
New York RangersHenrik Lundqvist
43.1%
New Jersey DevilsPatrik Elias
42.4%
Dallas StarsMarty Turco
42.1%
Washington CapitalsAlex Ovechkin
42.1%
New York IslandersBryan Trottier
41.1%
Chicago BlackhawksStan Mikita
40.5%
Los Angeles KingsMarcel Dionne
39.7%
Vancouver CanucksDaniel Sedin
39.6%
Vancouver CanucksHenrik Sedin
39.6%
Pittsburgh PenguinsMarc-Andre Fleury
38.8%
San Jose SharksEvgeni Nabokov
38.8%
Philadelphia FlyersRon Hextall
38%
Vegas Golden KnightsJon Marchessault
37.4%
Montreal CanadiensCarey Price
35.7%
Calgary FlamesMiikka Kiprusoff
35.6%
Washington CapitalsOlaf Kolzig
34.4%
New York RangersBrian Leetch
34.2%
Tampa Bay LightningAndrei Vasilevskiy
33.7%
Detroit Red WingsTerry Sawchuk
32.9%
Toronto Maple LeafsTie Domi
32.9%
Nashville PredatorsPekka Rinne
32.8%
Pittsburgh PenguinsKevin Stevens
32.3%
Florida PanthersOlli Jokinen
31%
Arizona CoyotesShane Doan
30.8%
Carolina HurricanesCam Ward
29.4%
Minnesota WildNiklas Backstrom
29%
Vancouver CanucksRoberto Luongo
28.2%
Nashville PredatorsDavid Legwand
28%
Nashville PredatorsDavid Legwand
28%
Detroit Red WingsBob Probert
27.9%
Buffalo SabresGilbert Perreault
26.5%
Buffalo SabresGilbert Perreault
26.5%
Florida PanthersJonathan Huberdeau
26.5%
Columbus Blue JacketsRick Nash
26.4%
Ottawa SenatorsCraig Anderson
25.7%
Calgary FlamesAl MacInnis
25.4%
Arizona CoyotesKeith Tkachuk
25.1%
Winnipeg JetsOndrej Pavelec
24%
New Jersey DevilsPatrik Elias
23.6%
Team Player % Correct
Boston BruinsJohn Bucyk
22.8%
Los Angeles KingsMarty McSorley
21.9%
Colorado AvalancheDale Hunter
21.4%
Washington CapitalsDale Hunter
21.4%
Calgary FlamesTim Hunter
21.2%
Buffalo SabresRob Ray
20%
Los Angeles KingsJonathan Quick
19.1%
New York RangersRod Gilbert
18.1%
Columbus Blue JacketsSergei Bobrovsky
17.5%
Washington CapitalsNicklas Backstrom
17.4%
St. Louis BluesBernie Federko
16.7%
Chicago BlackhawksChris Chelios
16%
Philadelphia FlyersBill Barber
14.8%
Ottawa SenatorsChris Neil
14.1%
Minnesota WildMatt Johnson
13.7%
Arizona CoyotesShane Doan
13.3%
Toronto Maple LeafsBorje Salming
13%
Boston BruinsTuukka Rask
12%
St. Louis BluesMike Liut
11.1%
Toronto Maple LeafsTurk Broda
10.6%
Boston BruinsTerry O'Reilly
10.6%
Montreal CanadiensChris Nilan
10.5%
Arizona CoyotesIlya Bryzgalov
10.3%
St. Louis BluesBrian Sutter
9.7%
New Jersey DevilsKen Daneyko
9.6%
Philadelphia FlyersRick Tocchet
8%
Vancouver CanucksGino Odjick
7.9%
Anaheim DucksCorey Perry
6.8%
Columbus Blue JacketsJared Boll
6.6%
San Jose SharksJeff Odgers
4.6%
Winnipeg JetsChris Thorburn
4.4%
Edmonton OilersKelly Buchberger
4.2%
Nashville PredatorsJordin Tootoo
4%
Carolina HurricanesKevin Dineen
4%
Vegas Golden KnightsBrayden McNabb
4%
Dallas StarsShane Churla
3.6%
Florida PanthersPaul Laus
3.7%
New York IslandersMick Vukota
2.9%
Tampa Bay LightningChris Gratton
2.6%
New York RangersRon Greschner
2.1%
Come Together.
Have Fun.
All Virtual.
We all need to come together. Play Sporcle's virtual live trivia to have fun, connect with people, and get your trivia on. Join a live hosted trivia game for your favorite pub trivia experience done virtually. If a virtual private party is more your thing, go here for details.

You're not logged in!

Compare scores with friends on all Sporcle quizzes.
OR
Log In

Sporcle TV

Today on Sporcle TV


Watch our educational content, quiz creation guides, and fun videos on Sporcle TV.

Show Comments

Extras

Top Quizzes Today


Score Distribution

Paid Content

Your Account Isn't Verified!

In order to create a playlist on Sporcle, you need to verify the email address you used during registration. Go to your Sporcle Settings to finish the process.

Report this User

Report this user for behavior that violates our Community Guidelines.

Details: